000 00536nam a2200205Ia 4500
005 20250923145240.0
008 008 250917s9999 xx 000 0 eng d
037 _aTextual
040 _aDSWL
_beng
_cDSWL
041 _aeng
_2eng
084 _qDSWL
100 _aMathur, U.B.
_9833343
245 0 _aEthnographic Aylas of Rajasthan
_cby U.B. Mathur
260 _aDelhi
_bThe Manager of Pub.
_c1969
300 _avi,27p.
365 _aINR
_b8.75
925 _g8.75
942 _cTEXL
999 _c1448960
_d1448960